[Event "4NCL9495 2nd Season"]
[Site "Various Venues"]
[Date "1995.02.18"]
[Round "7.1"]
[White "McDonald, Neil R"]
[Black "Cooper, John Grantley"]
[Result "1/2-1/2"]
[WhiteElo "2460"]
[BlackElo "2380"]
[PlyCount "93"]
[EventDate "1994.10.01"]
[EventType "team-tourn"]
[EventRounds "11"]
[EventCountry "GBR"]
[SourceTitle "BritBase"]
[SourceDate "2020.05.17"]
[SourceVersion "1"]
[SourceVersionDate "2020.05.17"]
[SourceQuality "1"]
[WhiteTeam "Invicta Knights"]
[BlackTeam "South Wales Dragons"]
[WhiteTeamCountry "ENG"]
[BlackTeamCountry "WLS"]

1. e4 c5 2. Nf3 Nc6 3. d4 cxd4 4. Nxd4 e6 5. Nc3 d6 6. Be2 Nf6 7. O-O Be7 8. f4
O-O 9. Be3 e5 10. Nxc6 bxc6 11. Kh1 exf4 12. Bxf4 Be6 13. Qd3 Ng4 14. Bxg4 Bxg4
15. Ne2 Bxe2 16. Qxe2 Qd7 17. Rad1 Qe6 18. Qa6 Rfc8 19. b3 Bf8 20. Qd3 Rd8 21.
Rf2 Rd7 22. Rfd2 Rc8 23. h3 h6 24. c4 a5 25. Qf3 Rcd8 26. Bg3 a4 27. Qf5 Qxf5
28. exf5 axb3 29. axb3 d5 30. Bh4 Rb8 31. Rd3 Rdb7 32. Bg3 Re8 33. Kh2 g6 34.
Rf3 dxc4 35. bxc4 g5 36. Rfd3 Kg7 37. Rd8 Rxd8 38. Rxd8 Be7 39. Rc8 Rb6 40.
Be5+ Bf6 41. Bd6 Bd4 42. g4 Kf6 43. Kg2 h5 44. Kf3 c5 45. Bxc5 Bxc5 46. Rxc5
Rb3+ 47. Kg2 1/2-1/2

[Event "4NCL9495 2nd Season"]
[Site "Various Venues"]
[Date "1995.02.18"]
[Round "7.2"]
[White "Zeidler, Sven"]
[Black "Hanreck, Alan E"]
[Result "1/2-1/2"]
[WhiteElo "2215"]
[BlackElo "2245"]
[PlyCount "34"]
[EventDate "1994.10.01"]
[EventType "team-tourn"]
[EventRounds "11"]
[EventCountry "GBR"]
[SourceTitle "BritBase"]
[SourceDate "2020.05.17"]
[SourceVersion "1"]
[SourceVersionDate "2020.05.17"]
[SourceQuality "1"]
[WhiteTeam "South Wales Dragons"]
[BlackTeam "Invicta Knights"]
[WhiteTeamCountry "WLS"]
[BlackTeamCountry "ENG"]

1. e4 c5 2. f4 Nc6 3. Nf3 g6 4. Bb5 Bg7 5. O-O Nd4 6. Nxd4 cxd4 7. d3 a6 8. Bc4
e6 9. Qe1 b5 10. Bb3 f5 11. a4 Bb7 12. Bd2 Ne7 13. Bb4 O-O 14. axb5 axb5 15.
Rxa8 Bxa8 16. Nd2 Re8 17. Qh4 Nc6 1/2-1/2

[Event "4NCL9495 2nd Season"]
[Site "Various Venues"]
[Date "1995.02.18"]
[Round "7.3"]
[White "Clark, Gary M"]
[Black "James, David J"]
[Result "1/2-1/2"]
[WhiteElo "2285"]
[BlackElo "2250"]
[PlyCount "24"]
[EventDate "1994.10.01"]
[EventType "team-tourn"]
[EventRounds "11"]
[EventCountry "GBR"]
[SourceTitle "BritBase"]
[SourceDate "2020.05.17"]
[SourceVersion "1"]
[SourceVersionDate "2020.05.17"]
[SourceQuality "1"]
[WhiteTeam "Invicta Knights"]
[BlackTeam "South Wales Dragons"]
[WhiteTeamCountry "ENG"]
[BlackTeamCountry "WLS"]

1. d4 Nf6 2. c4 e6 3. Nc3 Bb4 4. e3 O-O 5. Nge2 d5 6. cxd5 exd5 7. a3 Be7 8. b4
c6 9. Ng3 a5 10. b5 c5 11. Bd3 Bg4 12. f3 Be6 1/2-1/2

[Event "4NCL9495 2nd Season"]
[Site "Various Venues"]
[Date "1995.02.18"]
[Round "7.4"]
[White "Morris, Charles F"]
[Black "Dickenson, Neil F"]
[Result "1/2-1/2"]
[WhiteElo "2195"]
[BlackElo "2315"]
[PlyCount "105"]
[EventDate "1994.10.01"]
[EventType "team-tourn"]
[EventRounds "11"]
[EventCountry "GBR"]
[SourceTitle "BritBase"]
[SourceDate "2020.05.17"]
[SourceVersion "1"]
[SourceVersionDate "2020.05.17"]
[SourceQuality "1"]
[WhiteTeam "South Wales Dragons"]
[BlackTeam "Invicta Knights"]
[WhiteTeamCountry "WLS"]
[BlackTeamCountry "ENG"]

1. c4 g6 2. g3 Bg7 3. Bg2 e5 4. Nc3 d6 5. e4 Be6 6. d3 Ne7 7. Nge2 c6 8. O-O
O-O 9. Be3 f5 10. f4 Nd7 11. Rc1 Nf6 12. Kh1 Bf7 13. b3 Ng4 14. Bg1 Bh6 15. Rc2
Qc7 16. Bh3 Be6 17. d4 fxe4 18. Nxe4 Bf5 19. N2c3 Ne3 20. Bxe3 Bxh3 21. Rff2
Nf5 22. Qd2 Rae8 23. dxe5 dxe5 24. Bc5 Rd8 25. Qe1 exf4 26. Bxf8 Rxf8 27. gxf4
Bxf4 28. Nc5 Be3 29. Ne6 Bxf2 30. Rxf2 Re8 31. Re2 Qd7 32. Nc5 Rxe2 33. Qxe2
Qe7 34. Qxe7 Nxe7 35. Nxb7 Kg7 36. Ne4 Bf5 37. Ned6 Bb1 38. a4 Bc2 39. Nc5 Kf6
40. Kg2 Ke5 41. Ndb7 Kd4 42. Kf3 Kc3 43. a5 Bxb3 44. Nxb3 Kxb3 45. c5 Kc4 46.
Ke4 Nf5 47. Ke5 Kb5 48. Ke6 Ne3 49. Kd6 g5 50. a6 Nd5 51. Nd8 Nb4 52. Ne6 Kxa6
53. Nxg5 1/2-1/2

[Event "4NCL9495 2nd Season"]
[Site "Various Venues"]
[Date "1995.02.18"]
[Round "7.6"]
[White "Williams, Leighton"]
[Black "Mack, Andrew"]
[Result "1/2-1/2"]
[WhiteElo "2150"]
[BlackElo "2240"]
[PlyCount "86"]
[EventDate "1994.10.01"]
[EventType "team-tourn"]
[EventRounds "11"]
[EventCountry "GBR"]
[SourceTitle "BritBase"]
[SourceDate "2020.05.17"]
[SourceVersion "1"]
[SourceVersionDate "2020.05.17"]
[SourceQuality "1"]
[WhiteTeam "South Wales Dragons"]
[BlackTeam "Invicta Knights"]
[WhiteTeamCountry "WLS"]
[BlackTeamCountry "ENG"]

1. d4 Nf6 2. c4 g6 3. Nc3 Bg7 4. e4 d6 5. Nf3 O-O 6. Be2 Na6 7. O-O e5 8. Bg5
h6 9. Bh4 Qe8 10. d5 g5 11. Bg3 Nc5 12. Nd2 a5 13. Rc1 Nh7 14. Nb3 Nxb3 15.
Qxb3 b6 16. Bd3 f5 17. exf5 h5 18. f3 h4 19. Bf2 Bxf5 20. Qc2 Qg6 21. Bxf5 Rxf5
22. Nb5 Rc8 23. a3 g4 24. Bxh4 Qh5 25. Qf2 gxf3 26. gxf3 Rcf8 27. Be7 R8f7 28.
Bd8 e4 29. Qh4 Qg6+ 30. Kh1 Rxf3 31. Rxf3 exf3 32. Qf2 Ng5 33. Bxg5 Qxg5 34.
Rg1 Qf4 35. Nd4 Qe4 36. Ne6 Qxc4 37. Nxg7 Rxg7 38. Rxg7+ Kxg7 39. Qxf3 Qc1+ 40.
Kg2 Qxb2+ 41. Kh3 Qf6 42. Qg4+ Kh6 43. Qc4 Qf3+ 1/2-1/2

[Event "4NCL9495 2nd Season"]
[Site "Various Venues"]
[Date "1995.02.18"]
[Round "7.8"]
[White "Richmond, Jane"]
[Black "Howell, Susan"]
[Result "1/2-1/2"]
[WhiteElo "2165"]
[BlackElo "1775"]
[PlyCount "87"]
[EventDate "1994.10.01"]
[EventType "team-tourn"]
[EventRounds "11"]
[EventCountry "GBR"]
[SourceTitle "BritBase"]
[SourceDate "2020.05.17"]
[SourceVersion "1"]
[SourceVersionDate "2020.05.17"]
[SourceQuality "1"]
[WhiteTeam "South Wales Dragons"]
[BlackTeam "Invicta Knights"]
[WhiteTeamCountry "WLS"]
[BlackTeamCountry "ENG"]

1. e4 e6 2. d4 d5 3. Nc3 dxe4 4. Nxe4 Bd7 5. Bd3 Bc6 6. Ne2 Nf6 7. f3 Be7 8.
O-O O-O 9. c4 b6 10. Kh1 Bb7 11. Be3 Nbd7 12. Qc2 h6 13. Rad1 Qc8 14. N2c3 c5
15. Nxf6+ Bxf6 16. d5 exd5 17. cxd5 Bd4 18. Bf4 Ne5 19. Bf5 Qd8 20. Nb5 Qf6 21.
Rfe1 Ng6 22. Bd6 Rfe8 23. Bxg6 Qxg6 24. Qxg6 fxg6 25. Be7 Bxd5 26. Nc7 Bxa2 27.
Nxa8 Rxa8 28. Bh4 Bb3 29. Rd3 Bc4 30. Rd2 Rc8 31. Bf2 Bf6 32. h4 Kf7 33. Rc1
Be6 34. Kh2 g5 35. g3 Be5 36. hxg5 hxg5 37. Be3 Kg6 38. f4 gxf4 39. gxf4 Bf6
40. Rd6 Rh8+ 41. Kg3 Bf5 42. Rg1 Rh3+ 43. Kf2+ Kf7 44. b3 1/2-1/2

[Event "4NCL9495 2nd Season"]
[Site "Various Venues"]
[Date "1995.02.18"]
[Round "7.1"]
[White "Levitt, Jonathan"]
[Black "Webster, Andrew"]
[Result "0-1"]
[WhiteElo "2430"]
[BlackElo "2410"]
[PlyCount "74"]
[EventDate "1994.10.01"]
[EventType "team-tourn"]
[EventRounds "11"]
[EventCountry "GBR"]
[SourceTitle "BritBase"]
[SourceDate "2020.05.17"]
[SourceVersion "1"]
[SourceVersionDate "2020.05.17"]
[SourceQuality "1"]
[WhiteTeam "Wood Green"]
[BlackTeam "Midland Monarchs"]
[WhiteTeamCountry "ENG"]
[BlackTeamCountry "ENG"]

1. d4 Nf6 2. c4 a6 3. Nc3 c5 4. e3 g6 5. dxc5 Qa5 6. a3 Qxc5 7. b4 Qc6 8. Bb2
Bg7 9. Nd5 d6 10. Ne2 e5 11. Nec3 Nxd5 12. Nxd5 Be6 13. Be2 Bxd5 14. cxd5 Qb6
15. Rc1 Nd7 16. O-O O-O 17. Qc2 f5 18. Qc7 Rf7 19. Rc2 e4 20. Bxg7 Kxg7 21.
Rfc1 h5 22. h4 Raf8 23. g3 Qxc7 24. Rxc7 Nb6 25. R7c2 Kf6 26. Bc4 Rc7 27. Bb3
Rxc2 28. Rxc2 Rc8 29. Rxc8 Nxc8 30. Kf1 Ke5 31. Ke1 Nb6 32. Kd2 Nxd5 33. Kc2
Nc7 34. Bg8 d5 35. a4 Kf6 36. b5 axb5 37. axb5 b6 0-1

[Event "4NCL9495 2nd Season"]
[Site "Various Venues"]
[Date "1995.02.18"]
[Round "7.3"]
[White "Littlewood, Paul E"]
[Black "Ferguson, Mark"]
[Result "1-0"]
[WhiteElo "2445"]
[BlackElo "2370"]
[PlyCount "85"]
[EventDate "1994.10.01"]
[EventType "team-tourn"]
[EventRounds "11"]
[EventCountry "GBR"]
[SourceTitle "Littlewood, Paul"]
[Source "BritBase"]
[SourceDate "2021.09.21"]
[SourceVersion "1"]
[SourceVersionDate "2021.09.21"]
[SourceQuality "1"]
[WhiteTeam "Wood Green"]
[BlackTeam "Midland Monarchs"]
[WhiteTeamCountry "ENG"]
[BlackTeamCountry "ENG"]

1. d4 d5 2. c4 c6 3. Nf3 Nf6 4. Qc2 g6 5. Bf4 Bg7 6. e3 Bf5 7. Qb3 Qb6 8. c5
Qxb3 9. axb3 O-O 10. Nc3 Nh5 11. Be5 Nd7 12. Bxg7 Nxg7 13. b4 a6 14. h3 f6 15.
g4 Be6 16. Bd3 Bf7 17. e4 dxe4 18. Bxe4 e5 19. O-O-O Bb3 20. Bc2 Bxc2 21. Kxc2
a5 22. bxa5 exd4 23. Rxd4 Nxc5 24. b4 Nce6 25. Rd7 c5 26. b5 Rxa5 27. Rhd1 f5
28. g5 Nd4+ 29. Nxd4 cxd4 30. R1xd4 Ne6 31. Rc4 Nxg5 32. Rxb7 Raa8 33. Rcc7
Rfc8 34. b6 Ne6 35. Rxc8+ Rxc8 36. Re7 Nd4+ 37. Kd3 Nc6 38. Rc7 Rd8+ 39. Kc4
Ne5+ 40. Kb5 Nf7 41. Kc5 Nd6 42. Nb5 Ne8 43. Ra7 {Source: Paul Littlewood} 1-0

[Event "4NCL9495 2nd Season"]
[Site "Various Venues"]
[Date "1995.02.18"]
[Round "7.6"]
[White "Hunt, Harriet V"]
[Black "James, Geoffrey H"]
[Result "1/2-1/2"]
[WhiteElo "2265"]
[BlackElo "2210"]
[PlyCount "58"]
[EventDate "1994.10.01"]
[EventType "team-tourn"]
[EventRounds "11"]
[EventCountry "GBR"]
[SourceTitle "BritBase 13May2020"]
[SourceDate "2020.05.13"]
[SourceVersionDate "2020.05.13"]
[WhiteTeam "Midland Monarchs"]
[BlackTeam "Wood Green"]
[WhiteTeamCountry "ENG"]
[BlackTeamCountry "ENG"]

1. e4 e5 2. Nf3 Nc6 3. Bb5 a6 4. Ba4 d6 5. d4 b5 6. Bb3 Nxd4 7. Nxd4 exd4 8.
Bd5 Rb8 9. Qxd4 Bd7 10. Qc3 Nf6 11. O-O Be7 12. Bc6 O-O 13. Be3 Ng4 14. Bd4 Bf6
15. Bxd7 Qxd7 16. Nd2 Bxd4 17. Qxd4 f5 18. f4 fxe4 19. Nxe4 Rbe8 20. Rae1 Qc6
21. c3 h6 22. f5 Nf6 23. Ng3 Rxe1 24. Rxe1 Re8 25. Rxe8+ Qxe8 26. Kf2 Qe7 27.
h3 c5 28. Qe3 Kf7 29. Ne2 Nd5 {Source: G H James (via Brian Denman). Played at
Chalfont St. Peters.} 1/2-1/2

[Event "4NCL9495 2nd Season"]
[Site "Various Venues"]
[Date "1995.02.19"]
[Round "8.1"]
[White "Cooper, John Grantley"]
[Black "Chandler, Murray G"]
[Result "0-1"]
[WhiteElo "2380"]
[BlackElo "2535"]
[PlyCount "57"]
[EventDate "1994.10.01"]
[EventType "team-tourn"]
[EventRounds "11"]
[EventCountry "GBR"]
[SourceTitle "BritBase"]
[SourceDate "2020.05.17"]
[SourceVersion "1"]
[SourceVersionDate "2020.05.17"]
[SourceQuality "1"]
[WhiteTeam "South Wales Dragons"]
[BlackTeam "BCM"]
[WhiteTeamCountry "WLS"]
[BlackTeamCountry "ENG"]

1. d4 Nf6 2. c4 e6 3. Nc3 Bb4 4. e3 O-O 5. Bd3 d5 6. Nf3 b6 7. O-O Bb7 8. cxd5
exd5 9. a3 Bd6 10. b4 a6 11. Qb3 Qe7 12. Rb1 Nbd7 13. a4 Ne4 14. Nxd5 Bxd5 15.
Qxd5 Nc3 16. Qc6 Nxb1 17. Bxb1 Bxb4 18. Qxc7 Rac8 19. Qg3 Rc6 20. e4 Rg6 21.
Qc7 Qe6 22. Ng5 Qc6 23. Qf4 Be7 24. Nf3 b5 25. axb5 Qxb5 26. Be3 Nf6 27. h3 Nh5
28. Qe5 Qxe5 29. dxe5 {etc, 38 moves} 0-1

[Event "4NCL9495 2nd Season"]
[Site "Various Venues"]
[Date "1995.02.19"]
[Round "8.2"]
[White "Mestel, A Jonathan"]
[Black "Zeidler, Sven"]
[Result "1-0"]
[WhiteElo "2520"]
[BlackElo "2215"]
[PlyCount "87"]
[EventDate "1994.10.01"]
[EventType "team-tourn"]
[EventRounds "11"]
[EventCountry "GBR"]
[SourceTitle "BritBase"]
[SourceDate "2020.05.17"]
[SourceVersion "1"]
[SourceVersionDate "2020.05.17"]
[SourceQuality "1"]
[WhiteTeam "BCM"]
[BlackTeam "South Wales Dragons"]
[WhiteTeamCountry "ENG"]
[BlackTeamCountry "WLS"]

1. c4 f5 2. Nc3 Nf6 3. g3 g6 4. d4 Bg7 5. Nh3 d6 6. Bg2 O-O 7. d5 Na6 8. Nf4 e5
9. dxe6 c6 10. h4 Nc5 11. h5 Nxh5 12. Nxh5 gxh5 13. Rxh5 Bxe6 14. Bh6 Bxh6 15.
Rxh6 Qg5 16. Rh4 f4 17. Qd2 h6 18. O-O-O fxg3 19. fxg3 Kg7 20. b4 Nd7 21. Ne4
$1 Qxd2+ 22. Rxd2 d5 23. cxd5 Bxd5 $2 (23... cxd5 $142) 24. Nc3 Be6 (24... Bxg2
25. Rxd7+ Kg6 26. Rxb7 Rae8 27. Rxa7 $18) 25. Re4 Bf5 26. g4 Bxe4 27. Rxd7+ Rf7
28. Rxf7+ Kxf7 29. Nxe4 Rg8 30. Bf3 b6 31. Kc2 Ke6 32. Kc3 Ke5 33. e3 Rc8 34.
a4 Rc7 35. a5 Rc8 36. Nd2 c5 37. Nc4+ Kf6 38. Nxb6 $1 axb6 (38... cxb4+ 39.
Kxb4 axb6 40. axb6 Rc1 41. b7 Rb1+ 42. Kc5 $18) 39. a6 Kg5 40. a7 Kh4 41. bxc5
Kg3 42. a8=Q Rxa8 43. Bxa8 bxc5 44. Kc4 1-0

[Event "4NCL9495 2nd Season"]
[Site "Various Venues"]
[Date "1995.02.19"]
[Round "8.3"]
[White "James, David J"]
[Black "Jacobs, Byron A"]
[Result "1-0"]
[WhiteElo "2250"]
[BlackElo "2300"]
[PlyCount "61"]
[EventDate "1994.10.01"]
[EventType "team-tourn"]
[EventRounds "11"]
[EventCountry "GBR"]
[SourceTitle "BritBase"]
[SourceDate "2020.05.17"]
[SourceVersion "1"]
[SourceVersionDate "2020.05.17"]
[SourceQuality "1"]
[WhiteTeam "South Wales Dragons"]
[BlackTeam "BCM"]
[WhiteTeamCountry "WLS"]
[BlackTeamCountry "ENG"]

1. d4 Nf6 2. c4 c5 3. d5 b5 4. cxb5 a6 5. f3 axb5 6. e4 Qa5+ 7. Bd2 b4 8. Na3
Ba6 9. Nc4 Qc7 10. a3 Bxc4 11. Bxc4 g6 12. axb4 Rxa1 13. Qxa1 cxb4 14. b3 Bg7
15. Ne2 O-O 16. Qa4 d6 17. Qxb4 Nbd7 18. O-O Ne5 19. Be3 Rb8 20. Qa4 Nfd7 21.
Rc1 Qb7 22. Nd4 Nc5 23. Qa2 Qb6 24. Qd2 h5 25. Nc6 Nxc6 26. dxc6 Qc7 27. b4 Na4
28. Bxf7+ Kxf7 29. Qa2+ Kf8 30. Qxa4 Bb2 31. Rc2 1-0

[Event "4NCL9495 2nd Season"]
[Site "Various Venues"]
[Date "1995.02.19"]
[Round "8.4"]
[White "Cafferty, Bernard"]
[Black "Morris, Charles F"]
[Result "1-0"]
[WhiteElo "2290"]
[BlackElo "2195"]
[PlyCount "69"]
[EventDate "1994.10.01"]
[EventType "team-tourn"]
[EventRounds "11"]
[EventCountry "GBR"]
[SourceTitle "BritBase"]
[SourceDate "2020.05.17"]
[SourceVersion "1"]
[SourceVersionDate "2020.05.17"]
[SourceQuality "1"]
[WhiteTeam "BCM"]
[BlackTeam "South Wales Dragons"]
[WhiteTeamCountry "ENG"]
[BlackTeamCountry "WLS"]

1. Nf3 Nf6 2. g3 g6 3. Bg2 Bg7 4. c4 O-O 5. O-O d6 6. d4 Nbd7 7. Nc3 e5 8. h3
Re8 9. e4 exd4 10. Nxd4 Nc5 11. Re1 c6 12. Nb3 Ne6 13. Be3 Qe7 14. f4 Nc7 15.
Bf2 Rd8 16. Rc1 b6 $4 17. Nd4 Bb7 18. Qa4 Qd7 19. e5 dxe5 $2 20. Nxc6 b5 21.
cxb5 Bxc6 22. bxc6 Qc8 23. fxe5 Nh5 $2 24. g4 Bh6 25. gxh5 Bxc1 26. Rxc1 Qf5
27. Qg4 Qxe5 28. Qg3 Qa5 29. b4 Qa3 30. Rc2 Rac8 31. Ne4 Qxb4 32. Nf6+ Kg7 33.
Qe5 Qb1+ 34. Kh2 Qxc2 35. h6+ 1-0

[Event "4NCL9495 2nd Season"]
[Site "Various Venues"]
[Date "1995.02.19"]
[Round "8.5"]
[White "Saunders, John C"]
[Black "Wade, Robert Graham"]
[Result "1/2-1/2"]
[WhiteElo "2250"]
[BlackElo "2295"]
[PlyCount "80"]
[EventDate "1994.10.01"]
[EventType "team-tourn"]
[EventRounds "11"]
[EventCountry "GBR"]
[SourceTitle "BritBase"]
[SourceDate "2020.05.17"]
[SourceVersion "1"]
[SourceVersionDate "2020.05.17"]
[SourceQuality "1"]
[WhiteTeam "South Wales Dragons"]
[BlackTeam "BCM"]
[WhiteTeamCountry "WLS"]
[BlackTeamCountry "ENG"]

1. e4 d6 2. d4 Nf6 3. Nd2 e5 4. c3 Nc6 5. Bb5 Bd7 6. Ngf3 Be7 7. O-O O-O 8. Ba4
exd4 9. cxd4 d5 10. e5 Ne4 11. Re1 Nxd2 12. Bxd2 Bg4 13. Bc3 Bh5 14. Qe2 Bg5
15. h3 Re8 16. g4 Bg6 17. Nxg5 Qxg5 18. Qe3 Qxe3 19. Rxe3 a6 20. b4 Red8 21. f4
Be4 22. Rc1 Na7 23. Bb3 c6 24. a4 Nc8 25. Be1 Re8 26. a5 Na7 27. Bc2 Bxc2 28.
Rxc2 Nb5 29. Rd3 Nd6 30. Bg3 Ne4 31. Kg2 h5 32. f5 hxg4 33. hxg4 g5 34. Be1 Kg7
35. Rh3 Rh8 36. f6+ {(=)} Kg6 37. Rxh8 Rxh8 38. Rb2 Re8 39. Kf1 Rh8 40. Kg2 Re8
1/2-1/2

[Event "4NCL9495 2nd Season"]
[Site "Various Venues"]
[Date "1995.02.19"]
[Round "8.6"]
[White "Edwards, Raymond B"]
[Black "Williams, Leighton"]
[Result "0-1"]
[WhiteElo "2125"]
[BlackElo "2150"]
[PlyCount "74"]
[EventDate "1994.10.01"]
[EventType "team-tourn"]
[EventRounds "11"]
[EventCountry "GBR"]
[SourceTitle "BritBase"]
[SourceDate "2020.05.17"]
[SourceVersion "1"]
[SourceVersionDate "2020.05.17"]
[SourceQuality "1"]
[WhiteTeam "BCM"]
[BlackTeam "South Wales Dragons"]
[WhiteTeamCountry "ENG"]
[BlackTeamCountry "WLS"]

1. d4 Nf6 2. c4 g6 3. Nc3 Bg7 4. e4 d6 5. Nf3 O-O 6. Be2 e5 7. Be3 Ng4 8. Bg5
f6 9. Bc1 f5 10. Bg5 Qe8 11. dxe5 h6 12. Bd2 fxe4 13. Nxe4 Nc6 14. O-O dxe5 15.
Bd3 Bf5 16. Qe2 Rd8 17. Rad1 Nf6 18. Nxf6+ Rxf6 19. Be4 Nd4 20. Nxd4 exd4 21.
Rfe1 Re6 22. f3 d3 23. Qf2 Bxe4 24. fxe4 Rxe4 25. Qf3 Re2 26. b3 Qe5 27. Bc3
Rxe1+ 28. Bxe1 d2 29. Bf2 c6 30. Qe3 Qb2 31. Kf1 Qxa2 32. Ke2 Qc2 33. Qe6+ Kh7
34. Qh3 a5 35. c5 a4 36. bxa4 Qc4+ 37. Kf3 Qd3+ 0-1

[Event "4NCL9495 2nd Season"]
[Site "Various Venues"]
[Date "1995.02.19"]
[Round "8.7"]
[White "Miles, Richard"]
[Black "Wareing, John P"]
[Result "1/2-1/2"]
[WhiteElo "2100"]
[BlackElo "1900"]
[PlyCount "53"]
[EventDate "1994.10.01"]
[EventType "team-tourn"]
[EventRounds "11"]
[EventCountry "GBR"]
[SourceTitle "BritBase"]
[SourceDate "2020.05.17"]
[SourceVersion "1"]
[SourceVersionDate "2020.05.17"]
[SourceQuality "1"]
[WhiteTeam "South Wales Dragons"]
[BlackTeam "BCM"]
[WhiteTeamCountry "WLS"]
[BlackTeamCountry "ENG"]

1. Nf3 d5 2. c4 e6 3. d4 Nf6 4. Nc3 Be7 5. Bg5 O-O 6. e3 h6 7. Bh4 Ne4 8. Bxe7
Qxe7 9. Qc2 Nxc3 10. bxc3 Nd7 11. cxd5 exd5 12. Bd3 Nf6 13. O-O Be6 14. Ne5
Rfc8 15. Rac1 c5 16. Qb1 Rc7 17. Qb2 Rac8 18. f3 Nd7 19. Nxd7 Bxd7 20. Rce1
cxd4 21. cxd4 Rc3 22. Qd2 Qa3 23. Rd1 Ba4 24. e4 Rxd3 25. Qxd3 Qxd3 26. Rxd3
Bb5 27. Rb3 1/2-1/2

[Event "4NCL9495 2nd Season"]
[Site "Various Venues"]
[Date "1995.02.19"]
[Round "8.8"]
[White "Forbes, Cathy"]
[Black "Richmond, Jane"]
[Result "0-1"]
[WhiteElo "2140"]
[BlackElo "2165"]
[PlyCount "48"]
[EventDate "1994.10.01"]
[EventType "team-tourn"]
[EventRounds "11"]
[EventCountry "GBR"]
[SourceTitle "BritBase"]
[SourceDate "2020.05.17"]
[SourceVersion "1"]
[SourceVersionDate "2020.05.17"]
[SourceQuality "1"]
[WhiteTeam "BCM"]
[BlackTeam "South Wales Dragons"]
[WhiteTeamCountry "ENG"]
[BlackTeamCountry "WLS"]

1. d4 Nf6 2. Nf3 e6 3. c3 c5 4. e3 b6 5. Bd3 Be7 6. O-O O-O 7. Ne5 d6 8. Qf3
dxe5 9. Qxa8 Qc7 10. Qf3 Bb7 11. Qg3 Bd6 12. dxe5 Bxe5 13. f4 Bd6 14. Nd2 Nbd7
15. Nc4 Ne4 16. Bxe4 Bxe4 17. Nxd6 Qxd6 18. c4 f5 19. b3 Rf6 20. Qf2 Rg6 21. g3
Bb7 22. h3 Nf6 23. Kh2 Ng4+ 24. hxg4 Rh6+ 0-1

[Event "4NCL9495 2nd Season"]
[Site "Various Venues"]
[Date "1995.02.19"]
[Round "8.2"]
[White "Pein, Malcolm"]
[Black "Webb, Richard M"]
[Result "1-0"]
[WhiteElo "2415"]
[BlackElo "2320"]
[PlyCount "79"]
[EventDate "1994.10.01"]
[EventType "team-tourn"]
[EventRounds "11"]
[EventCountry "GBR"]
[SourceTitle "BritBase"]
[SourceDate "2020.05.17"]
[SourceVersion "1"]
[SourceVersionDate "2020.05.17"]
[SourceQuality "1"]
[WhiteTeam "Wood Green"]
[BlackTeam "Slough"]
[WhiteTeamCountry "ENG"]
[BlackTeamCountry "ENG"]

1. d4 Nf6 2. c4 g6 3. Nc3 d5 4. cxd5 Nxd5 5. e4 Nxc3 6. bxc3 Bg7 7. Nf3 c5 8.
Rb1 O-O 9. Be2 cxd4 10. cxd4 Qa5+ 11. Bd2 Qxa2 12. O-O a5 13. Bg5 Qe6 14. Qc2
a4 15. Bc4 Qd6 16. e5 Qd8 17. d5 Bf5 18. Bd3 Bxd3 19. Qxd3 Nd7 20. d6 f6 21.
dxe7 Qxe7 22. Rxb7 fxg5 23. Rxd7 Qe6 24. Nxg5 Qxe5 25. Qc4+ Kh8 26. Nf7+ Rxf7
27. Qxf7 a3 28. Ra7 Rxa7 29. Qxa7 Qd6 30. Re1 Bf8 31. Qf7 h5 32. h4 Bg7 33. g3
Kh7 34. Re7 Qd1+ 35. Kh2 Qd4 36. Ra7 Qb2 37. Ra6 Kh8 38. Ra8+ Kh7 39. Ra6 Kh8
40. Qe8+ 1-0

[Event "4NCL9495 2nd Season"]
[Site "Various Venues"]
[Date "1995.02.19"]
[Round "8.3"]
[White "Hennigan, Michael"]
[Black "Littlewood, Paul E"]
[Result "1-0"]
[WhiteElo "2410"]
[BlackElo "2445"]
[PlyCount "71"]
[EventDate "1994.10.01"]
[EventType "team-tourn"]
[EventRounds "11"]
[EventCountry "GBR"]
[SourceTitle "Littlewood, Paul"]
[Source "BritBase"]
[SourceDate "2021.09.21"]
[SourceVersion "1"]
[SourceVersionDate "2021.09.21"]
[SourceQuality "1"]
[WhiteTeam "Slough"]
[BlackTeam "Wood Green"]
[WhiteTeamCountry "ENG"]
[BlackTeamCountry "ENG"]

1. e4 e5 2. Nf3 Nc6 3. d4 exd4 4. Nxd4 Bc5 5. Nxc6 Qf6 6. Qd2 Qxc6 7. Nc3 Bb4
8. Bd3 Ne7 9. O-O O-O 10. Qe3 Bxc3 11. bxc3 d6 12. c4 Be6 13. Qe2 Rae8 14. Be3
a6 15. g4 Bc8 16. f4 b6 17. f5 f6 18. Rae1 Bb7 19. h4 Kh8 20. Kh2 Ng8 21. Bd4
Re7 22. Rg1 Rfe8 23. g5 d5 24. gxf6 Nxf6 25. cxd5 Qd6+ 26. Kh3 c5 27. Ba1 c4
28. Bxc4 Qf4 29. Bxf6 gxf6 30. Rg4 Qd6 31. Qg2 Rc7 32. Rg1 Qf8 33. Bb3 Rc3+ 34.
Kh2 Re3 35. Rg7 R3xe4 36. Rxh7+ {Source: Paul Littlewood} 1-0

[Event "4NCL9495 2nd Season"]
[Site "Various Venues"]
[Date "1995.02.19"]
[Round "8.2"]
[White "Littlewood, John Eric"]
[Black "Harley, Andrew D"]
[Result "1-0"]
[WhiteElo "2310"]
[BlackElo "2285"]
[PlyCount "91"]
[EventDate "1994.10.01"]
[EventType "team-tourn"]
[EventRounds "11"]
[EventCountry "GBR"]
[WhiteTeam "North West Eagles"]
[BlackTeam "Covent Garden"]
[WhiteTeamCountry "ENG"]
[BlackTeamCountry "ENG"]

1. e4 e6 2. d4 d5 3. Nc3 Bb4 4. a3 Bxc3+ 5. bxc3 dxe4 6. f3 c5 7. fxe4 Qh4+ 8.
Ke2 Qxe4+ 9. Kf2 Nf6 10. Bd3 Qd5 11. Nf3 c4 12. Bf1 Ne4+ 13. Kg1 Nxc3 14. Qe1
Nb5 15. c3 f6 16. a4 Nd6 17. Ba3 Nc6 18. Qg3 Nf5 19. Qf2 Bd7 20. Rb1 Na5 21.
Nd2 Bc6 22. Be2 Kf7 23. Bf3 Qd7 24. Bxc6 bxc6 25. Ne4 Nb7 26. Qf4 Rhd8 27. Re1
Kg8 28. g4 Ne7 29. h3 Ng6 30. Qf1 Qd5 31. Rh2 e5 32. Rd2 exd4 33. Rxd4 Qf7 34.
Rxc4 Ne5 35. Rd4 Rxd4 36. cxd4 Nc4 37. Nxf6+ gxf6 38. Re7 Nxa3 39. Rxf7 Kxf7
40. Qd3 Rd8 41. Qxh7+ Ke6 42. Qxb7 Rxd4 43. Qxc6+ Rd6 44. Qc3 Rd1+ 45. Kg2 Nb1
46. Qb3+ 1-0